[Event "56th Rubinstein Memorial A 2020"]
[Site "Polanica Zdroj"]
[Date "2020.08.21"]
[Round "7.8"]
[White "Praczukowski, Stanislaw"]
[Black "Cukrowski, Filip"]
[Result "1/2-1/2"]
[WhiteElo "2132"]
[BlackElo "2419"]
[Annotator "TA"]
[PlyCount "88"]
[EventDate "2020.08.15"]
[EventType "swiss"]
[EventCountry "POL"]
[SourceTitle "playchess.com"]
[Source "ChessBase"]
[SourceQuality "1"]

{[%evp 13,88,23,23,12,20,6,13,-10,0,0,43,41,37,44,79,3,16,6,10,0,0,0,0,0,0,0,0,-34,-32,-25,-19,-171,-178,-188,-182,-177,-162,-155,-167,-207,-191,-302,-195,-194,-177,-160,-152,-143,-138,-148,-145,-131,-133,-148,-114,-122,-84,-77,0,0,0,0,0,0,0,0,0,0,0,0,0,0,0,0,0,0,0]} 1. e4 c5 2. Nf3 Nc6 3. d4 cxd4 4. Nxd4 Nf6 5. Nc3 d6 6. Bc4 e5 7. Nf3 Be6 8. Bb3 {B57: Classical Sicilian: Sozin with 6...Qb6.} h6 9. Be3 Be7 10. h3 Rc8 {[#]} 11. Qe2 $146 ({Predecessor:} 11. g4 Na5 12. Bxe6 fxe6 13. g5 hxg5 14. Nxg5 Qd7 15. Qd3 Nc4 16. O-O-O b5 17. Kb1 {½-½ (65) Frolov,D (2473)-Starosek,K (2490) Omsk 2001}) 11... Qa5 12. O-O O-O 13. Rfd1 Rfd8 14. Nh4 ({White should play} 14. Nd5 $16) 14... Nxe4 $1 $11 15. Nxe4 {Black must now prevent Bxe6.} d5 $1 16. Qh5 {Nf5 is the strong threat.} Qb4 {[%mdl 64] [#] Pin} 17. f3 dxe4 18. c3 Qb5 19. Bxe6 fxe6 20. Bxh6 Bxh4 ({Not} 20... gxh6 21. Qg6+ Kf8 22. Qxh6+ Kg8 23. Qxe6+ Kf8 24. Qf5+ (24. Ng6+ Kg7 $16) 24... Kg7 25. Qg4+ Kf8 26. Qf5+ Kg7 27. Qg4+ Kf8 28. Qf5+ $16) 21. Qxh4 gxh6 22. Qg4+ $2 (22. Qxh6 $11 {and White stays safe.} Qc5+ 23. Kh1) 22... Kh8 $19 23. Qxe6 Qc5+ 24. Kh1 Qf8 25. fxe4 Qg7 26. Rf1 {[#] And now Rf6 would win.} Re8 27. Qb3 (27. Qf6 {is a better defense.}) 27... Rf8 28. Rf5 Rxf5 29. exf5 Rg8 {[%csl Gg8][%cal Rg7g2]} 30. Rg1 Qe7 31. Qd5 Qf6 32. Qe4 Rd8 33. b4 Rd2 34. a4 Rf2 35. b5 Rf4 (35... Na5 $17 36. g4 Rf4) 36. Qe3 $11 {The position is equal.} Ne7 37. Qxa7 Nxf5 {aiming for ...Ng3+.} ({Don't play} 37... Qxf5 $6 38. Qxb7 Rh4 39. Re1 $16) 38. Qb8+ Kh7 {Hoping for ...Qg7.} 39. Qxb7+ Kg6 40. a5 Ng3+ 41. Kh2 Nf1+ 42. Kh1 Ng3+ 43. Kh2 Nf1+ 44. Kh1 Ng3+ {White happily takes the draw. Accuracy: White = 78%, Black = 77%.} 1/2-1/2

[Event "56th Rubinstein Memorial A 2020"]
[Site "Polanica Zdroj"]
[Date "2020.08.21"]
[Round "7.9"]
[White "Golecki, Jan"]
[Black "Sernecki, Franciszek"]
[Result "1/2-1/2"]
[WhiteElo "2106"]
[BlackElo "2243"]
[Annotator "TA"]
[PlyCount "52"]
[EventDate "2020.08.15"]
[EventType "swiss"]
[EventCountry "POL"]
[SourceTitle "playchess.com"]
[Source "ChessBase"]
[SourceQuality "1"]

{[%evp 10,52,31,15,38,22,19,19,30,11,14,8,21,20,20,16,13,6,10,0,7,0,0,9,42,0,25,35,43,0,0,0,0,0,0,0,0,0,0,0,0,0,0,0,0]} 1. e4 c6 2. d4 d5 3. exd5 cxd5 4. Bd3 Nc6 5. c3 g6 6. h3 Nh6 {B13: Caro-Kann: Exchange Variation and Panov-Botvinnik Attack.} 7. Bf4 Bf5 8. Nf3 Bg7 9. O-O (9. Be2 {seems wilder.} f6 10. c4 Be4 11. Nc3 Nf5 12. O-O) 9... Bxd3 10. Qxd3 O-O 11. Re1 Nf5 12. Nbd2 {[%cal Bb1d2,Bd2f1,Bf1g3][%mdl 32]} e6 13. Nf1 Nd6 14. Ng3 a6 {[#]} 15. h4 $146 ({Predecessor:} 15. Ne5 Nxe5 16. Bxe5 b5 17. h4 Nc4 18. Bxg7 Kxg7 19. b3 Nd6 20. h5 Qh4 21. Qf3 {1-0 (57) Kucharska,H (2177)-Cagara,P (2025) Szczawno Zdroj 2018}) 15... b5 16. h5 b4 17. Bg5 Bf6 18. Bxf6 Qxf6 19. Ne5 Rfc8 {The position is equal.} 20. hxg6 hxg6 21. Nd7 $36 {[%mdl 2048] White fights for an advantage.} Qd8 $1 {[%cal Rd8d7]} 22. Nc5 Qf6 23. Nd7 Qd8 $1 {[%cal Rd8d7]} 24. Nc5 Qf6 25. Nd7 Qd8 $1 {[%cal Rd8d7]} 26. Nc5 Qf6 {Accuracy: White = 88%, Black = 95%.} 1/2-1/2

[Event "56th Rubinstein Memorial A 2020"]
[Site "Polanica Zdroj"]
[Date "2020.08.21"]
[Round "7.10"]
[White "Fiedorek, Michal"]
[Black "Luba, Lukasz"]
[Result "0-1"]
[WhiteElo "2212"]
[BlackElo "2188"]
[Annotator "TA"]
[PlyCount "86"]
[EventDate "2020.08.15"]
[EventType "swiss"]
[EventCountry "POL"]
[SourceTitle "playchess.com"]
[Source "ChessBase"]
[SourceQuality "1"]

{[%evp 9,86,39,34,29,50,43,42,48,40,42,47,37,66,46,74,41,43,0,23,0,44,36,44,43,56,29,30,30,27,31,45,43,46,45,46,46,46,46,41,46,46,46,47,-12,0,-20,-13,-233,-223,-233,-233,-234,-230,-235,-184,-218,-192,-238,-232,-397,-395,-377,-364,-491,-535,-486,-521,-493,-494,-778,-763,-1003,-972,-937,-1012,-967,-936,-959,-939]} 1. e4 d6 2. d4 Nd7 3. Nc3 a6 4. a4 e6 5. Be3 {[#]} Ngf6 $146 ({Predecessor:} 5... Ne7 6. Qd2 c6 7. Nge2 Qc7 8. f4 f5 9. e5 d5 10. Ng1 c5 11. Nf3 b6 {½-½ (34) Eskandary,J (2062)-Scharff,K (1918) Radebeul 2019}) 6. Be2 {B07: Pirc Defence: Miscellaneous Systems.} d5 7. e5 Ng8 8. f4 {White is slightly better.} Ne7 9. Nf3 c5 10. Qd2 h5 11. Bf2 c4 12. Ng5 Nf5 13. Bf3 Bb4 14. O-O Qa5 15. Qd1 Bxc3 16. bxc3 g6 17. Qc1 Nb6 18. Qa3 Bd7 {[%cal Rb6a4]} 19. Rfb1 Bc6 {[%cal Rb6a4]} 20. Rb4 Nxa4 21. Rxa4 Qxa4 22. Qxa4 Bxa4 23. Rxa4 a5 24. Kf1 Ke7 25. Bd1 b5 26. Ra1 (26. Ra2 $1 $14) 26... b4 27. cxb4 axb4 28. Rxa8 $2 {This costs White the game.} (28. Rb1 $11 {and White stays safe.}) 28... Rxa8 $19 29. Nf3 Ra1 {[%mdl 1024] Black has strong compensation.} 30. Ke2 Ra2 {[#] White must now prevent ...b3.} 31. Kf1 Kd7 32. g3 Kc6 33. h3 Kb5 34. g4 $2 {[#]} (34. Ng5 Ra3 35. Nf3) 34... hxg4 35. hxg4 Nh6 36. Ne1 Ra1 {Black is clearly winning.} 37. Be2 Ka4 38. Kg2 Ka3 39. Kg3 (39. Kf3 $142 b3 40. cxb3 cxb3 41. Nd3) 39... Kb2 40. Kh4 Kc3 41. Kg5 Ng8 42. f5 Kd2 43. fxe6 fxe6 {Accuracy: White = 54%, Black = 91%.} 0-1

[Event "56th Rubinstein Memorial A 2020"]
[Site "Polanica Zdroj"]
[Date "2020.08.21"]
[Round "7.11"]
[White "Jaskolka, Tomasz"]
[Black "Balinski, Damian"]
[Result "1/2-1/2"]
[WhiteElo "2196"]
[BlackElo "2136"]
[Annotator "TA"]
[PlyCount "81"]
[EventDate "2020.08.15"]
[EventType "swiss"]
[EventCountry "POL"]
[SourceTitle "playchess.com"]
[Source "ChessBase"]
[SourceQuality "1"]

{[%evp 9,81,-72,-50,-65,-60,-66,-57,-57,-70,-124,-25,-40,-36,-23,-29,-91,-38,-33,-35,-4,13,25,12,12,4,10,31,-17,27,15,14,-174,-77,-63,-59,-104,-29,-176,-170,-181,-187,-137,-145,-164,-60,-54,0,0,0,0,0,0,0,0,0,0,0,0,0,0,0,0,0,0,0,0,0,0,0,0,0,0,0,0]} 1. d4 f5 2. h3 Nf6 3. g4 d5 4. g5 Ne4 5. Nf3 e6 6. Bf4 {A80: Dutch Defence: Unusual White second moves.} c5 7. e3 Nc6 8. c3 {Black is slightly better.} Bd6 {[#]} 9. Ne5 $146 (9. Bb5 $15) ({Predecessor:} 9. Bxd6 Qxd6 10. Nbd2 O-O 11. Bb5 Bd7 12. Bxc6 Bxc6 13. Rg1 f4 14. Nxe4 dxe4 15. Ne5 {½-½ (21) Dittmar,T (1952)-Ruppert,W (2155) Wiesbaden 2011}) 9... Nxe5 ({Black should play} 9... O-O $1 $17 10. a3 Bxe5 11. dxe5 Nxg5) 10. dxe5 $11 Be7 11. h4 c4 12. b4 (12. b3 $11) 12... cxb3 (12... a5 $17 13. f3 h6 14. fxe4 hxg5) 13. axb3 $15 Bd7 14. f3 Nc5 15. b4 Na6 $1 16. Bxa6 bxa6 17. Rxa6 Qc8 18. Ra3 Bb5 19. Qd4 a5 20. Qb6 $2 (20. Rxa5 $11 {and White has nothing to worry.} Rxa5 21. bxa5) 20... Qc4 (20... Rb8 $1 $19 {[%cal Rb8b6]} 21. Qxa5 Bxb4 $1 {[%mdl 512]} 22. Qxb4 Bd7) 21. Kf2 $17 Kf7 $36 {[%mdl 2048] Black has some pressure.} 22. h5 g6 (22... Ra6 $17 23. Qd4 Qe2+ 24. Kg3 Rha8) 23. Rxa5 (23. Nd2 $11 Qe2+ {[%mdl 64] Double Attack} 24. Kg3 gxh5 25. e4) 23... Rxa5 $19 24. bxa5 Qe2+ 25. Kg3 gxh5 26. e4 {[#] aiming for exf5.} dxe4 ({Don't play} 26... fxe4 27. Nd2 $15) ({Better is} 26... h4+ $1 $19 {[%mdl 512]} 27. Rxh4 (27. Kxh4 Qxf3) 27... Qe1+ 28. Qf2 Qxb1 29. exd5 h5 30. dxe6+ Kg6) 27. Nd2 $15 exf3 (27... Rd8 $15 28. Rxh5 Kg7 {[%mdl 64] Remove Defender}) 28. Nxf3 $11 {The position is equal.} Rc8 29. Rxh5 Rxc3 ({Much weaker is} 29... Bc6 $6 30. Qe3 $16) 30. Rxh7+ Kf8 31. Qb8+ $1 Be8 32. Rh8+ {[#]} Kg7 $1 {[%mdl 512] [#]} 33. Rg8+ $1 {[%mdl 576] Decoy} Kxg8 34. Qxe8+ {[%mdl 64] Double Attack} Bf8 35. Qxe6+ Kh8 36. Qf6+ $1 {[%mdl 64] Double Attack} Kg8 (36... Bg7 $5 37. Qd8+ $8 Kh7 $1 {[%mdl 512]} 38. g6+ {[%mdl 64] Decoy} Kxg6 39. Qg5+ Kf7 $1 {[%mdl 512]} 40. Qxf5+ Kg8 41. Qe6+ Kh8 $11) 37. Qe6+ Kh8 38. Qf6+ $1 {[%mdl 64] Double Attack} Kg8 (38... Bg7 $5 39. Qd8+ $8 {[#]} Kh7 $1 {[%mdl 512]} 40. g6+ {[%mdl 64] Decoy} Kxg6 41. Qg5+ Kh7 $1 {[%mdl 512]} 42. Qxf5+ Kh8 43. Qh5+ Kg8 $11) 39. Qg6+ Kh8 40. Qh5+ Kg8 {Threatens to win with ...Qe1+.} 41. Qg6+ {[%mdl 64] Double Attack. Accuracy: White = 74%, Black = 68%.} 1/2-1/2

[Event "56th Rubinstein Memorial A 2020"]
[Site "Polanica Zdroj"]
[Date "2020.08.21"]
[Round "7.12"]
[White "Poltorak, Sebastian"]
[Black "Hasterok, Mateusz"]
[Result "1/2-1/2"]
[WhiteElo "1974"]
[BlackElo "2056"]
[Annotator "TA"]
[PlyCount "114"]
[EventDate "2020.08.15"]
[EventType "swiss"]
[EventCountry "POL"]
[SourceTitle "playchess.com"]
[Source "ChessBase"]
[SourceQuality "1"]

{[%evp 10,114,-11,-28,37,7,26,-25,-25,-66,-59,-85,-89,-83,-30,-73,-35,-41,-49,-136,-60,-175,-124,-129,-119,-129,-122,-132,-111,-105,-105,-140,-130,-123,-110,-109,-98,-133,-99,-98,-79,-77,-67,-75,-39,-41,-41,-40,-33,-70,-74,-76,-43,-34,0,0,0,0,4,5,10,0,5,0,0,-58,0,0,0,0,0,0,0,0,0,0,0,-2,-2,-2,-2,-2,-2,-8,-8,-8,-8,-8,-8,-8,-8,-8,-8,-68,-68,-68,-68,-68,-68,-68,-68,-68,-68,-68,-68,-68,-68]} 1. d4 Nf6 2. c4 e6 3. Nc3 Bb4 4. f3 c5 5. a3 Bxc3+ 6. bxc3 Nh5 {6...Nc6 is setting a new trend. E24: Nimzo-Indian: Sämisch: Unusual Black 5th moves and 5...c5 sidelines.} (6... d5 $11) 7. g3 f5 {[#]} 8. e3 $146 (8. e4 $142) ({Predecessor:} 8. e4 O-O 9. Bd3 f4 10. Ne2 fxg3 11. hxg3 g6 12. f4 d5 13. Be3 Nc6 14. Qc2 dxc4 15. Bxc4 {1-0 (36) Hodzic,N (2296)-Sabic,M (1963) Sarajevo 2019}) 8... O-O $11 {Black has an edge.} 9. Bd2 Nc6 10. Ne2 b6 11. Nc1 d6 (11... Ba6 $17) 12. Bd3 Nf6 13. Nb3 e5 14. Qc2 {[#]} (14. Be2 $15) 14... Ne7 (14... e4 $1 $17 {[%mdl 512]} 15. Be2 (15. fxe4 fxe4 16. Bxe4 Nxe4 $17) 15... Ba6) 15. O-O-O {[#]} (15. O-O $15) 15... Bb7 ({Black should try} 15... e4 $1 $19 {[%mdl 512]} 16. fxe4 fxe4) 16. e4 $17 fxe4 17. fxe4 Ng4 18. Rhf1 Nf2 ({Don't take} 18... Nxh2 19. Rxf8+ Qxf8 20. Bg5 $15) 19. Rde1 Qd7 {White must now prevent ...Qa4.} 20. Bg5 Nxd3+ 21. Qxd3 cxd4 22. cxd4 Ng6 23. Kb2 Qg4 24. Bd2 Rxf1 25. Qxf1 Bxe4 26. h3 Qf3 (26... Qf5 {seems wilder.} 27. Qxf5 Bxf5 28. h4 Bg4 29. Bb4 Rd8) 27. Qxf3 Bxf3 28. Bb4 Rd8 29. h4 Bg4 30. Nd2 exd4 31. Re4 a5 {...h5 is the strong threat.} (31... Ne5 {feels hotter.} 32. Rxd4 d5 33. cxd5 Be6 34. d6 Nc6) 32. Rxg4 axb4 33. axb4 $11 {[%mdl 4096] Endgame KRN-KRN} d3 34. Rd4 Ne5 35. Ne4 Kf7 36. Kc3 Ke7 37. Nf2 {[#]} (37. Kb3 $11) 37... Rf8 (37... d2 $1 $15 {[%mdl 512]}) 38. Nxd3 Rf3 39. Kd2 Rxg3 {Threatens to win with ...Nf3+.} 40. Nxe5 $1 {Strongly threatening Ng4.} dxe5 {KR-KR} 41. Rd5 Rg4 42. Rxe5+ Kd6 43. Rh5 Rxc4 {And now ...h6 would win.} 44. Rxh7 Rxb4 45. Rxg7 Rxh4 46. Kc2 Kc5 47. Rg1 Kc4 48. Kb1 b5 {[%cal Bb6b5,Bb5b4,Bb4b3][%mdl 32]} 49. Rf1 b4 50. Rg1 Rh3 51. Rf1 (51. Rg2 $11) 51... Kb3 $1 $15 {Black is slightly better.} 52. Rg1 Ka3 53. Rf1 $1 b3 54. Rc1 Rh2 55. Rg1 Rb2+ 56. Ka1 Rd2 57. Kb1 Re2 {And White is the lucky defender. Accuracy: White = 70%, Black = 76%.} 1/2-1/2

[Event "56th Rubinstein Memorial A 2020"]
[Site "Polanica Zdroj"]
[Date "2020.08.21"]
[Round "7.13"]
[White "Czarniecka, Aleksandra"]
[Black "Kasperek, Ryszard"]
[Result "1/2-1/2"]
[WhiteElo "2043"]
[BlackElo "2202"]
[Annotator "TA"]
[PlyCount "96"]
[EventDate "2020.08.15"]
[EventType "swiss"]
[EventCountry "POL"]
[SourceTitle "playchess.com"]
[Source "ChessBase"]
[SourceQuality "1"]

{[%evp 20,96,45,47,55,44,50,43,48,38,44,43,47,18,43,43,85,33,28,24,14,23,25,0,0,0,0,0,0,0,33,-15,-23,-32,0,0,112,14,12,16,15,0,0,0,38,0,87,86,97,8,8,8,13,0,0,0,59,59,90,86,125,72,244,247,306,250,239,0,0,0,0,0,0,0,0,0,0,0,0]} 1. e4 c5 2. Nf3 e6 3. d4 cxd4 4. Nxd4 a6 5. c4 Nf6 6. Nc3 Qc7 7. a3 b6 8. Be3 Bb7 9. f3 Be7 10. Be2 d6 11. O-O Nbd7 {B41: Sicilian: Kan Variation: 5 c4.} 12. Rc1 Rc8 13. b4 {13.Qd2 is vanishing.} Qb8 {White is slightly better. is cutting edge theory.} 14. Nb3 O-O 15. Qd2 Rfe8 16. Kh1 h5 17. Rfd1 Ba8 18. Bf4 (18. h3 $16) 18... Ne5 $14 19. Na4 {[#]} Bc6 $146 ({Predecessor:} 19... h4 20. Bxe5 dxe5 21. Qe3 b5 22. Nb6 Rc6 23. Nxa8 Qxa8 24. Na5 Rxc4 25. Bxc4 bxc4 26. Nxc4 {1-0 (37) Quintiliano Pinto,R (2436)-Aguero Centurio,A (2064) Caioba 2018}) 20. Nb2 h4 21. Bxe5 dxe5 22. c5 Bb5 23. Bxb5 axb5 24. Nd3 h3 25. Rg1 Red8 26. Qe3 bxc5 27. Nbxc5 Qd6 (27... Nh5 $11) 28. gxh3 (28. Nb7 $1 $16 {[%cal Rb7d6]} hxg2+ 29. Kxg2 Rxc1 30. Nxd6 Rc2+ 31. Kh3 Bxd6 32. Qg5 $1 {[%mdl 512]}) 28... Ra8 $11 29. Ra1 g6 30. h4 Kh7 31. Rgd1 Qc7 32. Rdc1 (32. Rac1 $5 {[%cal Rc5e6]} Qb8 33. Qg5 $16) 32... Qb8 (32... Qd6 $11 {remains equal.}) 33. Qg5 $16 Ng8 34. Qg3 ({White should play} 34. Qxe5 $16 {Threatens to win with h5.} Bf6 35. Qxb8 Raxb8 36. Ra2) 34... Bxc5 $1 $11 35. Nxc5 Nf6 $1 36. Rg1 $36 {[%mdl 2048] White has some pressure.} Nh5 37. Qg4 Qd6 (37... Rd2 $11) 38. Nb7 $1 $14 {[%csl LRd6,LRd8][%mdl 64] Double Attack} Qd3 39. Nxd8 Rxd8 40. Rac1 (40. Raf1 $142) 40... Rd7 $2 (40... Nf4 $16 41. h5 Nxh5) 41. Rc5 $18 Qd4 42. Rxb5 Qb2 {[#] intending ...Rd2.} 43. h3 $2 (43. Qg5 $1 $18 {[%cal Rg5e5]} Qxa3 44. Rxe5 Qxf3+ 45. Qg2 Qxg2+ 46. Kxg2) 43... Rd2 $11 {[%csl Gb2][%cal Rd2h2] The position is equal.} 44. Rg2 {Hoping for Rb7!} Nf4 {[%cal Rd2g2]} 45. Rxd2 Qxd2 46. Rxe5 Qd1+ 47. Kh2 Qd2+ 48. Kh1 $1 f6 {Accuracy: White = 65%, Black = 72%.} 1/2-1/2

[Event "56th Rubinstein Memorial A 2020"]
[Site "Polanica Zdroj"]
[Date "2020.08.21"]
[Round "7.14"]
[White "Wisniewski, Michal"]
[Black "Domanski, Lukasz"]
[Result "1-0"]
[WhiteElo "2127"]
[BlackElo "2039"]
[Annotator "TA"]
[PlyCount "39"]
[EventDate "2020.08.15"]
[EventType "swiss"]
[EventCountry "POL"]
[SourceTitle "playchess.com"]
[Source "ChessBase"]
[SourceQuality "1"]

{[%evp 9,39,-6,0,0,-5,-8,47,19,36,5,33,23,46,-12,21,6,21,20,79,76,147,65,71,71,295,334,364,272,370,202,549,490]} 1. a3 d6 2. d3 e5 3. g3 {[#]} f5 $146 ({Predecessor:} 3... g6 4. b4 Bg7 5. Bb2 Nh6 6. Bg2 O-O 7. e3 Bg4 8. Ne2 Qc8 9. h3 Be6 {0-1 (38) Cramling,D (2355)-Akesson,R Biel 1979}) 4. Bg2 Nf6 5. b4 Be7 6. Bb2 {A00: Irregular Openings.} O-O 7. e3 f4 (7... a5 $11) 8. exf4 $14 {White is slightly better.} exf4 9. Nf3 c6 10. O-O fxg3 11. fxg3 ({White should try} 11. hxg3 $14 a5 12. Nbd2) 11... Bg4 12. c4 Nbd7 13. Nbd2 d5 (13... a5 $11 {remains equal.}) 14. Qb3 $16 Bd6 {[#]} (14... Kh8 $142) 15. Rae1 (15. Ng5 $1 $16) 15... Kh8 $14 16. Ng5 {[%cal Rc4d5]} Qc8 $2 {Black cannot hold the game after this.} (16... a5 $16 {might work better.}) 17. cxd5 $18 c5 18. Nde4 Nxe4 19. Bxe4 ({Don't take} 19. dxe4 cxb4 20. axb4 Ne5 $18) (19. Nxe4 cxb4 20. axb4 (20. Nxd6 Qc5+ 21. Kh1 Rxf1+ 22. Rxf1 Qxd6 $18) 20... Qc7 $18) (19. Rxe4 $142 Nf6 20. Bxf6 gxf6 21. Qb2) 19... Nf6 $2 {[#]} (19... cxb4 20. axb4 (20. Nf7+ Kg8 $18) 20... Qc7) 20. Bxf6 {Accuracy: White = 54%, Black = 34%.} 1-0

[Event "56th Rubinstein Memorial A 2020"]
[Site "Polanica Zdroj"]
[Date "2020.08.21"]
[Round "7.15"]
[White "Betkowski, Andrzej"]
[Black "Goraj, Barbara"]
[Result "0-1"]
[WhiteElo "2044"]
[BlackElo "2099"]
[Annotator "TA"]
[PlyCount "120"]
[EventDate "2020.08.15"]
[EventType "swiss"]
[EventCountry "POL"]
[SourceTitle "playchess.com"]
[Source "ChessBase"]
[SourceQuality "1"]

{[%evp 9,120,-5,0,-3,-9,-5,11,0,0,0,35,16,41,23,35,24,70,7,16,10,17,15,18,13,16,14,20,-18,48,0,0,0,19,-22,-26,-22,-21,-34,-28,-19,-20,-17,-22,-29,0,0,0,-8,0,-43,-36,-36,-8,-65,0,0,0,0,0,-42,-32,-43,-18,-26,-17,-28,0,-67,-83,-103,-47,-35,-17,-17,-17,-31,0,0,0,-31,-17,-74,-82,-87,-85,-74,-72,-112,-87,-100,-112,-83,-65,-158,-198,-281,-259,-259,-207,-208,-194,-212,-116,-172,-153,-471,-487,-1550,-1434,-1429,-989,-2268,-2216]} 1. d4 Nf6 2. Bf4 g6 3. Nc3 d5 4. e3 c6 5. h4 Bg7 6. Be2 {A45: Trompowsky Attack.} h5 7. Nf3 Bg4 8. Ne5 {[%cal Re5g4] The position is equal.} Bxe2 9. Qxe2 Nfd7 {[#]} 10. Nf3 $146 ({Predecessor:} 10. O-O-O Nxe5 11. Bxe5 Bxe5 12. dxe5 Nd7 13. e4 e6 14. exd5 cxd5 15. Nb5 Kf8 16. f4 {1-0 (80) Gumularz,S (2513)-Petrosyan,M (2607) chess.com INT 2020}) 10... Nb6 11. O-O O-O 12. e4 dxe4 13. Qxe4 (13. Nxe4 $14 Qd5 14. b3) 13... N8d7 14. Rfe1 e6 15. Qd3 Nf6 16. Bg5 Qc7 17. Ne4 Nbd7 18. Qd2 c5 ({Black should try} 18... Nxe4 $11 19. Rxe4 c5) 19. Nxf6+ (19. Bxf6 $5 Bxf6 20. d5 exd5 21. Qxd5 $11) 19... Nxf6 20. Bf4 Qc6 21. Be5 (21. Ne5 $5 {[%cal Re5c6]} Qa4 22. dxc5 $11) 21... cxd4 22. Qxd4 Rfd8 23. Qc3 Qxc3 24. Bxc3 Nd5 25. Bxg7 Kxg7 26. Red1 Nb6 27. b3 Nd5 28. c4 Nc3 (28... Nb4 {seems wilder.} 29. Kf1 Nc6 30. b4 b6 31. a3 Kf6) 29. Rxd8 (29. Re1 {feels hotter.} Rd3 30. a3 Rad8 31. Rac1 Nd1 32. Ne5) 29... Rxd8 $11 {[%mdl 4096] Endgame KRN-KRN} 30. Kf1 a6 31. Ke1 (31. a3 $11) 31... Ne4 (31... Kf6 $15) 32. Rc1 a5 33. Rc2 f5 34. Nd2 Nc5 35. Ke2 Nd3 36. a3 e5 37. g3 Kf6 38. Nf1 (38. c5 $11) 38... f4 $1 $15 39. Rc3 Nc5 (39... e4 $1 $17 {Hoping for ...f3+.} 40. f3 exf3+ 41. Kxf3 Ke5) 40. b4 Ne4 41. Rc2 axb4 42. axb4 Kf5 43. c5 g5 44. hxg5 Nxg5 45. b5 (45. Nd2 $11) 45... Ne6 $17 {...Nd4+ is the strong threat.} 46. Ke1 Nd4 47. Rb2 Rc8 48. gxf4 exf4 49. c6 bxc6 50. b6 Re8+ 51. Kd1 (51. Kd2 $15) 51... Rb8 52. b7 (52. Rb4 {keeps fighting.} Nb5 53. Rc4) 52... h4 $19 53. Nh2 Ke6 54. Kd2 Kd5 55. Kd3 Ne6 (55... c5 $19 {Strongly threatening ...c4+.} 56. Rb6 c4+ 57. Kc3 Kc5) 56. Ke2 {[#]} (56. Kc3 $17 {was necessary.}) 56... c5 $1 {[%cal Bc6c5,Bc5c4,Bc4c3,Bc3c2][%mdl 32]} 57. Kf3 $2 {[#] This move loses the game for White.} (57. Ng4 $17 {is tougher.}) 57... c4 $1 {Black is clearly winning.} 58. Rd2+ (58. Rb5+ $142 Kc6 59. Re5) 58... Nd4+ 59. Kg4 c3 60. Rd1 c2 {Accuracy: White = 58%, Black = 74%.} 0-1